000
00279nam a2200109Ia 4500
008
200302s9999 xx 000 0 und d
100
_a
The Course Team
245
_a
Environmental Control and Public Health
260
_b
The Open University Press
260
_c
1977
300
_a
148 P.,
999
_c
470
_d
470